[Event "1. Bamberg-Open 2018"]
[Site "Bamberg"]
[Date "2018.05.11"]
[Round "4"]
[White "Wichmann, Adrian"]
[Black "Spitzl, Vinzent"]
[Result "0-1"]
[WhiteElo "2126"]
[BlackElo "2254"]
[Annotator "TA"]
[PlyCount "54"]
[EventDate "2018.??.??"]
[EventType "swiss"]
[EventCountry "GER"]
[SourceTitle "playchess.com"]
[Source "ChessBase"]
[SourceQuality "1"]

{[%evp 16,54,25,25,31,-26,-20,-56,-43,-40,-28,-36,-31,-178,-168,-236,-225,-278,-273,-249,-192,-310,-261,-236,-241,-322,-125,-201,-187,-199,-184,-186,-186,-186,-181,-325,-242,-534,-533,-29992,-29993]} 1. e4 c5 2. Nf3 d6 3. d4 cxd4 4. Nxd4 Nf6 5. Nc3 a6 6. Bg5 e6 7. f4 Be7 8. Qf3 Qc7 9. Bd3 {LiveBook: 7 Games} Nc6 {B98: Sicilian Najdorf: 6 Bg5 e6 7 f4 Be7, sidelines} (9... h6 10. Bh4 Nbd7 11. O-O-O g5 12. fxg5 Ne5 13. Qe2 Nfg4 14. Bg3 hxg5 15. Kb1 b5 16. Rdf1 Bd7 17. Nd1 Nxd3 18. cxd3 Rc8 19. Nc2 b4 20. Nde3 Nxe3 21. Nxe3 b3 22. axb3 {½-½ (48) Ljubicic,L (2516)-Ruemmele,M (2539) ICCF email 2008}) 10. Nb3 (10. Nxc6 $14 bxc6 11. e5 dxe5 12. O-O) 10... h6 11. Bxf6 $146 ({Predecessor:} 11. Bh4 g5 12. fxg5 Ne5 13. Qe2 Nfg4 14. O-O-O Qb6 15. Kb1 hxg5 16. Bg3 Qe3 {1-0 (61) Shukh,N (2370)-Efanov,N (2395) Rybinsk 2008}) 11... Bxf6 {Black is slightly better.} 12. Nd1 b5 13. c3 Bb7 14. g4 (14. O-O $15) 14... g5 {[%cal Bg7g5,Bg5g4][%mdl 32]} 15. f5 (15. Be2 $142) 15... Ne5 $19 16. Qe2 exf5 17. gxf5 g4 18. Nd4 (18. Ne3 $142) 18... Nxd3+ 19. Qxd3 O-O-O 20. Ne3 Bh4+ $2 {[#]} (20... Rhe8 $19 {has better winning chances.} 21. O-O Bxe4) 21. Kd2 (21. Kd1 $17 {was called for.}) 21... Rhe8 {[%cal Bh8e8,Be8e3,Be3e2][%mdl 32]} 22. Nd5 Bxd5 23. exd5 Bg5+ 24. Kc2 Re3 $36 {[%mdl 2048] Keeping White busy.} 25. Qd1 (25. Qf1 {only move.}) 25... Rde8 26. Rg1 $2 (26. Qf1 {was worth a try.}) 26... Qc4 {White must now prevent ...Re2+!} 27. Qf1 {[#] Qxc4+ would now be nice for White.} Re2+ $1 {[%mdl 512] Precision: White = 19%, Black = 59%.} 0-1

[Event "1. Bamberg-Open 2018"]
[Site "Bamberg"]
[Date "2018.05.11"]
[Round "4"]
[White "Grosshans, Ralf-Michael"]
[Black "Schulz, Karsten"]
[Result "1/2-1/2"]
[WhiteElo "2119"]
[BlackElo "2246"]
[Annotator "TA"]
[PlyCount "29"]
[EventDate "2018.??.??"]
[EventType "swiss"]
[EventCountry "GER"]
[SourceTitle "playchess.com"]
[Source "ChessBase"]
[SourceQuality "1"]

{[%evp 13,29,27,32,21,14,21,23,29,38,0,0,0,1,4,25,13,38,-132]} 1. e4 g6 2. d4 Bg7 3. c4 d6 4. Nc3 a6 5. Be2 (5. Nf3 Bg4 6. Be3 Nc6 7. d5 Ne5 8. Be2 Nxf3+ 9. Bxf3 Bxf3 10. Qxf3 Nf6 11. O-O O-O 12. Rac1 Nd7 {0-1 (51) Volkov,S (2627)-Golubov,S (2484) Taganrog 2018}) 5... c6 6. a4 {A42: Modern Defence: Averbakh Variation} a5 7. Be3 Na6 {LiveBook: 9 Games} 8. h4 h5 9. Qd2 Nf6 10. f3 Qc7 $146 ({Predecessor:} 10... b6 11. O-O-O Nc7 12. Nh3 Bxh3 13. Rxh3 Qd7 14. Qc2 {1-0 (55) Giese,R-Grigat,K Germany 1993}) 11. Nh3 Bxh3 12. Rxh3 e5 13. d5 Nc5 {And now ...Nb3 would win.} 14. Ra3 Rd8 15. Ra1 $2 (15. Kd1 $14 {stays ahead.}) 1/2-1/2

[Event "1. Bamberg-Open 2018"]
[Site "Bamberg"]
[Date "2018.05.11"]
[Round "4"]
[White "Schuh, Ruediger"]
[Black "Epding, Olaf"]
[Result "0-1"]
[WhiteElo "2096"]
[BlackElo "2238"]
[Annotator "TA"]
[PlyCount "63"]
[EventDate "2018.??.??"]
[EventType "swiss"]
[EventCountry "GER"]
[SourceTitle "playchess.com"]
[Source "ChessBase"]
[SourceQuality "1"]

{[%evp 24,63,-7,-8,0,-16,0,-13,-9,-15,-21,-41,-37,-36,-1,-16,-18,-35,-13,-33,-12,-44,-43,-43,-43,-57,-50,-64,-56,-71,-51,-83,-45,-83,-79,-84,-70,-715,-704,-686,-620,-29991]} 1. d4 d5 2. Bf4 Nf6 3. e3 e6 4. Bd3 c5 5. c3 Nc6 6. Nd2 Bd6 7. Bxd6 Qxd6 8. Ngf3 O-O 9. O-O e5 10. Nxe5 Nxe5 11. dxe5 Qxe5 12. h3 Rd8 {D02: 1 d4 d5 2 Nf3 sidelines, including 2...Nf6 3 g3 and 2...Nf6 3 Bf4} (12... b6 13. Nf3 Qe7 14. Qe2 Bb7 15. Ba6 Rad8 16. Bxb7 Qxb7 17. a4 Rfe8 18. Qd3 Qc6 19. Rfd1 h6 20. a5 {0-1 (44) Golubov,S (2501)-Sychev,K (2498) Moscow 2017}) 13. Qe2 $146 {LiveBook: 3 Games} ({Predecessor:} 13. Nf3 Qh5 14. Be2 a5 15. c4 Qg6 16. Kh2 Be6 17. cxd5 Bxd5 18. Qa4 Bc6 19. Qc4 Rd2 20. Nh4 {0-1 (29) Avendano Mateos,I (1925)-Rodriguez de Castro,A (2084) Madrid 2009}) 13... Bd7 14. Rae1 Ne4 {The position is equal.} 15. f4 Qe7 16. Bxe4 dxe4 17. Rf2 Bc6 18. f5 Rd6 19. Qg4 Rad8 20. Nf1 Kh8 21. Rf4 Rg8 22. Ng3 g5 23. Rf2 f6 $36 {[%mdl 2048] Black has good play.} 24. Rd1 Rd3 25. Re1 Qe5 26. Kh2 a5 {[%cal Ba7a5,Ba5a4][%mdl 32]} 27. Ree2 a4 28. a3 Rg7 {And now ...h5! would win.} 29. Re1 Re7 30. h4 $2 {[%mdl 8192] [#]} (30. Kg1 $15) 30... h5 $1 $19 {[%cal Rh5g4][%mdl 512]} 31. Qxh5+ Rh7 32. Ra1 {Precision: White = 24%, Black = 44%.} 0-1

[Event "1. Bamberg-Open 2018"]
[Site "Bamberg"]
[Date "2018.05.11"]
[Round "4"]
[White "Korolev, Alexandr"]
[Black "Scholz, Christian"]
[Result "0-1"]
[WhiteElo "2071"]
[BlackElo "2388"]
[Annotator "TA"]
[PlyCount "60"]
[EventDate "2018.??.??"]
[EventType "swiss"]
[EventCountry "GER"]
[SourceTitle "playchess.com"]
[Source "ChessBase"]
[SourceQuality "1"]

{[%evp 17,60,-41,-38,-47,-34,-31,-26,-18,0,-72,-60,-86,-10,-10,0,-83,-93,-89,-113,-122,-136,-126,-115,-164,-130,-135,-123,-174,-114,-106,-103,-102,-108,-94,-95,-109,-91,-304,-295,-403,-397,-490,-485,-736,-755]} 1. Nf3 Nf6 2. c4 g6 3. d4 Bg7 4. Nc3 d6 5. e4 O-O 6. g3 e5 7. Bg2 Nc6 8. O-O Bg4 9. d5 {[#] E62: King's Indian: Fianchetto: 6...c6 and Panno Variation (6...Nc6) without ...a6} Nd4 $1 {[%mdl 512] LiveBook: 4 Games} 10. Re1 $146 (10. Nxd4 Bxd1) ({Predecessor:} 10. Qd3 Nd7 11. Nxd4 exd4 12. Nb5 Ne5 13. Qd2 Nxc4 14. Qb4 Be2 15. Re1 {½-½ (43) Svidler,P (2722)-Radjabov,T (2744) Moscow 2010}) 10... c5 11. Qd3 {Black is slightly better.} a6 12. Nxd4 exd4 13. Ne2 {[#]} (13. Nd1 $11) 13... b5 $1 $17 {[%mdl 512]} 14. cxb5 Qa5 (14... Bc8 $17) 15. Bf4 $11 Qb6 16. a4 (16. bxa6 $1 $11 {remains equal.} Qxa6 17. Qxa6 Rxa6 18. f3) 16... axb5 $17 17. axb5 Bd7 18. Ra6 Rxa6 19. bxa6 Bb5 20. Qa3 Bxa6 21. Nc1 Re8 22. Nd3 Bxd3 (22... c4 $19 23. Qb4 Bb5) 23. Qxd3 {[#]} Nxd5 $1 {[%mdl 512]} 24. Bd2 (24. exd5 Rxe1+) 24... Nb4 $36 {[%cal Bd5b4,Bb4c6,Bc6e5][%mdl 2080] Keeping White busy.} 25. Qb3 Rb8 26. Bf1 Nc6 27. Qa4 $2 (27. Qxb6 $17 {was the only chance.} Rxb6 28. Ra1) 27... Ne5 $19 ({Resist} 27... Qxb2 28. Qxc6 Qxd2 29. Qxd6 $19) 28. Qd1 Qxb2 29. Bc1 Qc3 30. Be2 (30. Bg2 $142) 30... d3 {Precision: White = 44%, Black = 70%.} 0-1

[Event "1. Bamberg-Open 2018"]
[Site "Bamberg"]
[Date "2018.05.11"]
[Round "4"]
[White "Heppert, Lars"]
[Black "Noe, Christopher"]
[Result "0-1"]
[WhiteElo "1907"]
[BlackElo "2518"]
[Annotator "TA"]
[PlyCount "100"]
[EventDate "2018.??.??"]
[EventType "swiss"]
[EventCountry "GER"]
[SourceTitle "playchess.com"]
[Source "ChessBase"]
[SourceQuality "1"]

{[%evp 18,100,-46,-50,-50,-51,-39,-63,-62,-54,-51,-60,-35,-73,-70,-70,-65,-117,-122,-122,-116,-112,-46,-250,-281,-204,-226,-214,-202,-212,-161,-156,0,-200,-191,-410,-412,-496,-150,-150,-155,-201,-201,-201,-201,-201,-202,-202,-202,-389,-389,-389,-389,-375,-366,-355,-315,-352,-342,-406,-376,-578,-545,-706,-696,-663,-612,-852,-783,-806,-688,-2443,-1690,-29971,-29970,-29971,-29972,-29973,-29973,-29977,-29976,-29979,-29980,-29983,-29984]} 1. e4 e5 2. Nf3 Nc6 3. Bc4 Bc5 4. c3 {[%cal Bc2c3,Bc3d4][%mdl 32]} Nf6 5. d4 exd4 6. cxd4 Bb4+ 7. Nc3 Nxe4 8. O-O Bxc3 9. bxc3 d5 10. Bb5 O-O {C54: Giuoco Piano: 4 c3 Nf6, main lines with 5 d4 and 5 d3} 11. Bxc6 (11. Qc2 Bf5 12. Bd3 Re8 13. Rb1 Rb8 14. Ne5 Ne7 15. g4 Bg6 16. f4 f5 17. g5 Qd6 18. Rb3 Nc8 19. Ba3 Qe6 20. c4 Ncd6 21. cxd5 Qxd5 {0-1 (59) Zuriel,M (2227)-Sarquis,M (2114) Coronel Suarez 2004}) 11... bxc6 12. Qc2 Bf5 {...Ng3! is the strong threat.Black is slightly better.} 13. Re1 $146 ({Predecessor:} 13. Qb3 Rb8 14. Qa3 Qd6 15. Ne5 Qe6 16. f3 Nf6 17. Re1 Nd7 18. Nd3 {1-0 (30) Wang,B-Huang,Y Sanya 2017}) 13... Re8 14. Be3 Qd6 15. Rac1 Qa3 16. Qb3 Qa6 17. Rb1 (17. a4 $15) 17... Nd6 $36 {[%mdl 2048] Black is on the roll.} 18. Rb2 Nc4 19. Qb7 Qa3 (19... Qa5 $17 20. Rb4 Bd7) 20. Rb3 $2 (20. Rbe2 $15) 20... Qxa2 $19 21. Ne5 Nxe3 22. fxe3 f6 23. Rb2 Qa3 24. Rb3 Qa2 25. Rb2 {[#]} Qa5 $1 26. Nxc6 $2 (26. Nf3) 26... Qxc3 {[%cal Rc3e1]} 27. Kf2 Qa3 $2 (27... Bc8 $19 {and Black stays clearly on top.} 28. Qb5 a6 29. Qxd5+ Be6 30. Ne7+ Kf7 31. Qh5+ Kxe7) 28. Qb4 $17 Qxb4 29. Rxb4 Bd7 30. Rc1 a5 {[%cal Ba7a5,Ba5a4,Ba4a3][%mdl 32]} 31. Rb7 Bxc6 32. Rxc6 {[#]} Rec8 $1 33. Rcxc7 $2 (33. Rc3 {is a better defense.}) 33... Rxc7 $19 34. Rxc7 {[%mdl 4096] Endgame KR-KR} a4 35. Rc2 a3 36. Ra2 Kf7 37. Kf3 Ke6 38. h4 h5 39. Kf4 (39. Ke2 {might work better.}) 39... Ra4 40. g3 g6 41. g4 Ra6 42. Kg3 hxg4 43. Kxg4 Kd7 44. h5 gxh5+ 45. Kxh5 Kc6 {Black mates.} 46. Kg6 Kb5 47. Kf5 Kc4 48. e4 dxe4 49. Kxe4 Kb3 50. Rh2 a2 {Precision: White = 32%, Black = 72%.} 0-1

[Event "1. Bamberg-Open 2018"]
[Site "Bamberg"]
[Date "2018.05.11"]
[Round "4"]
[White "Rieder, Johannes"]
[Black "Donchenko, Anatoly"]
[Result "0-1"]
[WhiteElo "1856"]
[BlackElo "2301"]
[Annotator "TA"]
[PlyCount "36"]
[EventDate "2018.??.??"]
[EventType "swiss"]
[EventCountry "GER"]
[SourceTitle "playchess.com"]
[Source "ChessBase"]
[SourceQuality "1"]

{[%evp 13,36,-1,-5,-13,10,-16,-11,-39,-27,-157,-147,-145,-155,-176,-157,-228,-205,-252,-214,-228,-221,-220,-210,-472,-468]} 1. c3 Nf6 2. Nf3 c5 3. e3 e6 4. d4 b6 5. Nbd2 Bb7 6. Bd3 d5 7. O-O Nbd7 {LiveBook: 26 Games. D05: Colle System with ...e6} (7... Be7 8. b3 O-O 9. Bb2 Nbd7 10. Qe2 Bd6 11. c4 cxd4 12. exd4 Qe7 13. Ne5 Ba3 14. Bxa3 Qxa3 15. f4 Qb2 16. Nef3 dxc4 17. bxc4 Bxf3 18. Nxf3 Qxe2 19. Bxe2 {½-½ (123) Carlsen,M (2840)-Giri,A (2773) Wijk aan Zee 2017}) 8. Re1 Be7 9. b3 O-O {The position is equal.} 10. e4 cxd4 $146 ({Predecessor:} 10... dxe4 11. Nxe4 Nxe4 12. Bxe4 Bxe4 13. Rxe4 {1-0 (30) Misiuk,E (1715)-Unhjem,B (1592) Palanga 2015}) 11. Nxd4 (11. cxd4 $11 dxe4 12. Nxe4) 11... Nc5 $17 12. Bc2 dxe4 13. Ba3 Rc8 14. Rc1 (14. Bxc5 $17 Rxc5 15. Nxe4 Bxe4 16. Bxe4) 14... Qd5 15. Re3 Rfe8 16. Bxc5 bxc5 ({Don't do} 16... Qxc5 17. Nxe4 Bxe4 18. Bxe4 $17) 17. Nb5 Red8 18. Nc4 $2 {[#]} (18. Re2) 18... Qc6 {Precision: White =  6%, Black = 55%.} 0-1